00457nam a22001577a 450000500170000001000150001702000240003203500140005603700130007008200120008324500600009526000520015527000490020730000210025670000220027720220629104723.0 aENG-133054 a9789382710028c2018 aEN-116586 bDBAD/PUB a923.573 aS.P. Sen Centenary VolumecEditied By Chittabrata Palit aKolkata bInstitute of Historical Studiesc2018 a8/1 Loudon Street, KolkatabKolkatae700017  a230p.c22cm(hbk) aChittabrata Palit